Environment technology and health: (Record no. 9012)

MARC details
000 -LEADER
fixed length control field 01023nam a2200349 a 4500
001 - CONTROL NUMBER
control field vtls000005125
003 - CONTROL NUMBER IDENTIFIER
control field NLI
005 - DATE AND TIME OF LATEST TRANSACTION
control field 20210601180444.0
008 - FIXED-LENGTH DATA ELEMENTS--GENERAL INFORMATION
fixed length control field 101125s1978 enk 001 0 eng
020 ## - INTERNATIONAL STANDARD BOOK NUMBER
International Standard Book Number 0333269330
Terms of availability £ 15.00
039 #9 - LEVEL OF BIBLIOGRAPHIC CONTROL AND CODING DETAIL [OBSOLETE]
-- 201011250020
-- VLOAD
040 0# - CATALOGING SOURCE
Original cataloging agency NLI
Language of cataloging eng
Transcribing agency VERGIS-2003
041 0# - LANGUAGE CODE
Language code of text/sound track or separate title eng
044 ## - COUNTRY OF PUBLISHING/PRODUCING ENTITY CODE
MARC country code enk
082 04 - DEWEY DECIMAL CLASSIFICATION NUMBER
Classification number 614.70973
100 1# - MAIN ENTRY--PERSONAL NAME
Personal name Eisenbud, Merril
9 (RLIN) 20039
245 10 - TITLE STATEMENT
Title Environment technology and health:
Remainder of title Human Ecology in Historical Perspecticve/
Statement of responsibility, etc. Merril Eisenbud
260 ## - PUBLICATION, DISTRIBUTION, ETC.
Place of publication, distribution, etc. London:
Name of publisher, distributor, etc. Macmillan Press,
Date of publication, distribution, etc. 1978
300 ## - PHYSICAL DESCRIPTION
Extent 381 p.;
Dimensions 24 cm.
500 ## - GENERAL NOTE
General note Includes index
650 #0 - SUBJECT ADDED ENTRY--TOPICAL TERM
Topical term or geographic name entry element Environmental health
Geographic subdivision United States
9 (RLIN) 20040
650 #0 - SUBJECT ADDED ENTRY--TOPICAL TERM
Topical term or geographic name entry element Human ecology
Geographic subdivision United States
9 (RLIN) 20041
887 ## - NON-MARC INFORMATION FIELD
Content of non-MARC field S. Muthiah
901 ## - LOCAL DATA ELEMENT A, LDA (RLIN)
a 457362
b 19/01/1980
902 ## - LOCAL DATA ELEMENT B, LDB (RLIN)
a E 614.70973 Ei 83
903 ## - LOCAL DATA ELEMENT C, LDC (RLIN)
a 17/02/2004
904 ## - LOCAL DATA ELEMENT D, LDD (RLIN)
a S. Muthiah
906 ## - LOCAL DATA ELEMENT F, LDF (RLIN)
a 003093
949 ## - LOCAL PROCESSING INFORMATION (OCLC)
-- VIRTUAITEM
-- 10000
-- 1
-- 100
6 PUR000457362ENG
a E 614.70973 Ei83
942 ## - ADDED ENTRY ELEMENTS (KOHA)
Source of classification or shelving scheme Dewey Decimal Classification
Koha item type Books
Holdings
Withdrawn status Lost status Damaged status Not for loan Collection code Home library Current library Shelving location Date acquired Total Checkouts Full call number Barcode Date last seen Price effective from Koha item type
        New English National Library of India National Library of India New English - Main Stack Division     E 614.70973 Ei 83 PUR000457362ENG 01/06/2021 01/06/2021 Books
                                                                           
web counter

Copyright ©2020 The National Library of India, Govt. of India ↔ Hosted by NVLI, MOC ↔ Technology and Design by National Library of India, Ministry of Culture, Govt. of India